000 01610cam a22004574i 4500
003 PE-LiUPU
005 20250731173533.0
008 150616s r 000 0 d
020 _a0801025753
035 _a(Sirsi) i9780801025754
040 _aPE-LiUPU
_bspa
_cPE-LiUPU
_erda
049 _aPRUA
082 0 4 _a227.206
_bC26
_221
100 1 _aCarson, D. A.,
_eautor.
245 1 4 _aThe Cross and Christian Ministry /
_cD. A. Carsen.
264 1 _aGrand Rapids, Michigan :
_bBaker Books,
_c1993.
300 _a137 páginas ;
_c21 centímetros
336 _atext
_2rdacontent
337 _aunmediated
_2rdamedia
338 _avolume
_2rdacarrier
505 0 _aThe cross and preaching.- The cross and the Holy Spirit.- The cross and factionalism.- The cross and Christina leadership- The cross and the world christian.
526 _aSEG42
526 _aSEG41
526 _aSEG40
526 _aSEG39
526 _aP94
526 _aP87
526 _aP86
526 _aP85
526 _aP77
526 _aP76
526 _aP35
630 _aBiblia.
_pN.T.
_pCorintios I
_xCrítica, interpretación, etc.
910 _ajck
_bjvq
_cjck
942 _2ddc
_cBOOK
949 _a227.206 C26
_wDEWEY
_c1
_i42322
_lCCODEBUL1
_mBUL
_r0
_sY
_tBOOK
_u2015-6-16
_xTEOLOGIA
_zUNKNOWN
_0COMPRA
_o.STAFF. Colección General
994 _aC0
_bPEPRU
596 _a1
999 _a227.206 C26
_wDEWEY
_c60154
_i42322
_f2021-11-9
_g5
_lCCODEBUL1
_mBUL
_r0
_sY
_tBOOK
_u2015-6-16
_xTEOLOGIA
_zUNKNOWN
_0COMPRA
_o.STAFF. Colección General
_d60154
980 _81
_gALBERTO SANCHEZ Responsable de Automatización